Queen Victoria : (Record no. 1241)

000 -LEADER
fixed length control field 01314nam a22003737a 4500
001 - CONTROL NUMBER
control field 12399421
003 - CONTROL NUMBER IDENTIFIER
control field OSt
005 - DATE AND TIME OF LATEST TRANSACTION
control field 20210426102106.0
008 - FIXED-LENGTH DATA ELEMENTS--GENERAL INFORMATION
fixed length control field 010504s2000 nyuacjo b 001 0beng d
010 ## - LIBRARY OF CONGRESS CONTROL NUMBER
LC control number 2001269136
020 ## - INTERNATIONAL STANDARD BOOK NUMBER
International Standard Book Number 0465067611
035 ## - SYSTEM CONTROL NUMBER
System control number (OCoLC)ocm45648943
040 ## - CATALOGING SOURCE
Original cataloging agency TLM
Transcribing agency TLM
Modifying agency BRL
-- DLC
Language of cataloging eng
041 ## - LANGUAGE CODE
Language code of text/sound track or separate title eng
042 ## - AUTHENTICATION CODE
Authentication code lccopycat
043 ## - GEOGRAPHIC AREA CODE
Geographic area code e-uk---
050 00 - LIBRARY OF CONGRESS CALL NUMBER
Classification number DA554
Item number .H5 2000
080 ## - UNIVERSAL DECIMAL CLASSIFICATION NUMBER
Universal Decimal Classification number 92
Item number H-65
082 00 - DEWEY DECIMAL CLASSIFICATION NUMBER
Classification number 941.081/092
-- B
Edition number 21
100 1# - MAIN ENTRY--PERSONAL NAME
Personal name Hibbert, Christopher,
Dates associated with a name 1924-2008.
245 10 - TITLE STATEMENT
Title Queen Victoria :
Remainder of title a personal history /
Statement of responsibility, etc. / by: Basic Books
260 ## - PUBLICATION, DISTRIBUTION, ETC.
Place of publication, distribution, etc. New York
Name of publisher, distributor, etc. Basic Books
Date of publication, distribution, etc. c2000.
300 ## - PHYSICAL DESCRIPTION
Extent xviii, 557 p., [32] p. of plates
Other physical details ill., geneal. table, photos., ports.
Dimensions 25 cm.
504 ## - BIBLIOGRAPHY, ETC. NOTE
Bibliography, etc. note Includes bibliographical references (p. 523-534) and index.
600 00 - SUBJECT ADDED ENTRY--PERSONAL NAME
Personal name Victoria,
Titles and other words associated with a name Queen of Great Britain,
Dates associated with a name 1819-1901.
650 #0 - SUBJECT ADDED ENTRY--TOPICAL TERM
Topical term or geographic name entry element Queens
Geographic subdivision Great Britain
Form subdivision Biography.
650 #0 - SUBJECT ADDED ENTRY--TOPICAL TERM
Topical term or geographic name entry element Biography
9 (RLIN) 237
651 #0 - SUBJECT ADDED ENTRY--GEOGRAPHIC NAME
Geographic name Great Britain
General subdivision History
Chronological subdivision Victoria, 1837-1901.
653 ## - INDEX TERM--UNCONTROLLED
Uncontrolled term ბიოგრაფია
856 42 - ELECTRONIC LOCATION AND ACCESS
Materials specified Publisher description
Uniform Resource Identifier <a href="http://www.loc.gov/catdir/enhancements/fy0832/2001269136-d.html">http://www.loc.gov/catdir/enhancements/fy0832/2001269136-d.html</a>
906 ## - LOCAL DATA ELEMENT F, LDF (RLIN)
a 7
b cbc
c copycat
d 2
e ncip
f 20
g y-gencatlg
942 ## - ADDED ENTRY ELEMENTS (KOHA)
Source of classification or shelving scheme
Koha item type Books
Holdings
Withdrawn status Lost status Source of classification or shelving scheme Damaged status Not for loan Permanent location Current location Date acquired Inventory number Total Checkouts Full call number Barcode Date last seen Price effective from Koha item type
          Ken Walker International University Ken Walker International University 02/08/2021 208   92 H-65 208 02/08/2021 02/08/2021 Books

Powered by Koha